MARC details
| 000 -LEADER |
| fixed length control field |
01384nam a22003857a 4500 |
| 003 - CONTROL NUMBER IDENTIFIER |
| control field |
TR-AnTOB |
| 005 - DATE AND TIME OF LATEST TRANSACTION |
| control field |
20240424164322.0 |
| 008 - FIXED-LENGTH DATA ELEMENTS--GENERAL INFORMATION |
| fixed length control field |
240424b ||||| |||| 00| 0 tur d |
| 020 ## - INTERNATIONAL STANDARD BOOK NUMBER |
| Canceled/invalid ISBN |
9781499480580 |
|
| International Standard Book Number |
9781499480528 (ebook) |
| 040 ## - CATALOGING SOURCE |
| Original cataloging agency |
TR-AnTOB |
| Language of cataloging |
eng |
| Description conventions |
rda |
| Transcribing agency |
TR-AnTOB |
| 041 ## - LANGUAGE CODE |
| Language code of text/sound track or separate title |
İngilizce |
| 050 #4 - LIBRARY OF CONGRESS CALL NUMBER |
| Classification number |
PR6073.O578 |
| Item number |
.C563 2017 |
| 092 ## - LOCALLY ASSIGNED DEWEY CALL NUMBER (OCLC) |
| Classification number |
813.6 BRO 2020 |
| 100 ## - MAIN ENTRY--PERSONAL NAME |
| Authority record control number or standard number |
Grimm Brothers |
| 245 00 - TITLE STATEMENT |
| Title |
Cinderella |
| Statement of responsibility, etc. |
illustrated by Val Biro. |
| 264 #1 - PRODUCTION, PUBLICATION, DISTRIBUTION, MANUFACTURE, AND COPYRIGHT NOTICE |
| Place of production, publication, distribution, manufacture |
New York, NY : |
| Name of producer, publisher, distributor, manufacturer |
Windmill Books, |
| Date of production, publication, distribution, manufacture, or copyright notice |
2017. |
| 300 ## - PHYSICAL DESCRIPTION |
| Extent |
[24 pages] : |
| Other physical details |
illustrations. |
| Dimensions |
19 cm. |
| 336 ## - CONTENT TYPE |
| Content type term |
text |
| Content type code |
txt |
| Source |
rdacontent |
| 337 ## - MEDIA TYPE |
| Media type term |
computer |
| Media type code |
c |
| Source |
rdamedia |
| 338 ## - CARRIER TYPE |
| Carrier type term |
online resource |
| Carrier type code |
cr |
| Source |
rdacarrier |
| 490 1# - SERIES STATEMENT |
| Series statement |
Famous Tales |
| 588 ## - SOURCE OF DESCRIPTION NOTE |
| Source of description note |
Description based on print version record. |
| 590 ## - LOCAL NOTE (RLIN) |
| Local note |
Electronic reproduction. Ann Arbor, MI : ProQuest, 2018. Available via World Wide Web. Access may be limited to ProQuest affiliated libraries. |
| 600 00 - SUBJECT ADDED ENTRY--PERSONAL NAME |
| Personal name |
Cinderella |
| Titles and other words associated with a name |
(Legendary character) |
| Form subdivision |
Juvenile fiction. |
| 653 ## - INDEX TERM--UNCONTROLLED |
| Uncontrolled term |
Cinderella |
| 655 #4 - INDEX TERM--GENRE/FORM |
| Genre/form data or focus term |
Electronic books. |
| 700 1# - ADDED ENTRY--PERSONAL NAME |
| Personal name |
Biro, Val, |
| Dates associated with a name |
1921-2014, |
| Relator term |
illustrator. |
| 776 08 - ADDITIONAL PHYSICAL FORM ENTRY |
| Relationship information |
Print version: |
| Title |
Cinderella. |
| Place, publisher, and date of publication |
New York, NY : Windmill Books, c2017 |
| Physical description |
24 pages |
| Series data for related item |
Famous tales. |
| International Standard Book Number |
9781499480580 |
| 797 2# - LOCAL ADDED ENTRY--CORPORATE NAME (RLIN) |
| Corporate name or jurisdiction name as entry element |
ProQuest (Firm) |
| 830 #0 - SERIES ADDED ENTRY--UNIFORM TITLE |
| Uniform title |
Famous tales. |
| 942 ## - ADDED ENTRY ELEMENTS (KOHA) |
| Source of classification or shelving scheme |
Dewey Decimal Classification |
| Koha item type |
Book |